00532nam a22001817a 450000500170000001000130001702000220003003500130005203700160006504000120008108200170009310000200011024500880013026000620021827000160028030000250029665000290032120170124105948.0 aB-063984 c00.00a8773361836 aB-063984 bCen Lib/Ret aDPLbEN a299.936bHUB aHubbard, L. Ron aThe creation of human ability :cby L. Ron Hubbardba handbook for scientologists / aCopenhagen bNew Era Publications International APSc1985 bCopenhagen  axvi, 290p.c21cm(Hb) aScientology vHand books